000 00360nam a22001217a 4500
999 _c947
_d947
005 20200820114441.0
008 200820b ||||| |||| 00| 0 eng d
020 _a0631186808
040 _cCML
245 _aThe Teacher and Pastoral Care.
_cHamblin, D.H.
260 _aOxford
_bBasil Blackwell
_c1978
942 _2ddc
_cBK
_e1st Edition
_h373.14
_mHAM